Ο έφηβος και η οικογένεια : [πρακτικά δύο συμποσίων]
Αποθηκεύτηκε σε:
| Συγγραφή απο Οργανισμό/Αρχή: | |
|---|---|
| Άλλοι συγγραφείς: | , |
| Μορφή: | Βιβλίο |
| Γλώσσα: | Greek |
| Δημοσίευση: |
Αθήνα :
Εστία,
1985
|
| Θέματα: | |
| Ετικέτες: |
Προσθήκη ετικέτας
Δεν υπάρχουν, Καταχωρήστε ετικέτα πρώτοι!
|
MARC
| LEADER | 00000nam a2200000 i 4500 | ||
|---|---|---|---|
| 001 | 1/86876 | ||
| 008 | 990721s1985 gre d | ||
| 035 | |l 10052172 | ||
| 040 | |a GR-MY-UA |b gre |e aacr | ||
| 041 | 0 | |a gre | |
| 082 | 0 | |a 155.5 | |
| 245 | 1 | 2 | |a Ο έφηβος και η οικογένεια : |b [πρακτικά δύο συμποσίων] / |c επιμέλεια Άνθη Δοξιάδη-Τρίπ, Εύη Ζαχαρακοπούλου ; οργάνωση Ελληνική Εταιρία Ψυχικής και Νευροψυχιατρικής του παιδιού |
| 260 | |a Αθήνα : |b Εστία, |c 1985 | ||
| 300 | |a 450 σ. | ||
| 500 | |a Ο τόμος περιλαμβάνει τα πρακτικά δύο [2] συμποσίων που οργανώθηκαν από την Ελληνική Εταιρία Ψυχικής και Νευορψυχιατρικής του παιδιού στις 23-24-25 Απριλίου 1982 και 13-14 Νοεμβρίου 1982 στην Αθήνα | ||
| 650 | 0 | 0 | |a Adolescence |x Congresses. |
| 650 | 0 | 0 | |a Teenage boys |x Congresses. |
| 650 | 0 | 0 | |a Teenage girls |x Congresses. |
| 650 | 0 | 0 | |a Adolescent psychology |x Congresses. |
| 700 | 1 | |a Δοξιάδη-Τρίπ, Ανθή. |4 edt | |
| 700 | 1 | |a Ζαχαρακοπούλου, Εύη. |4 edt | |
| 710 | 2 | |a Ελληνική Εταιρεία Ψυχικής Υγιεινής και Νευροψυχιατρικής του Παιδιού. | |
| 852 | |a INST |b RHODES |e 19990721 |h 155.5 ΕΦΗ |p 005400004701 |q 005400004701 |t BK |y 0 | ||
| 852 | |a INST |b RHODES |e 19990721 |h 155.5 ΕΦΗ |p 005400004706 |q 005400004706 |t BK |y 0 | ||
| 909 | |a Ρ |b 004959 | ||
| 909 | |a Ρ |b 007585 | ||
| 922 | |a 4ΕΛΗ |b 198612 |c ΑΓΟΡΑ | ||
| 922 | |a 4ΕΛΗ |b 198708 |c ΑΓΟΡΑ | ||
| 970 | |z 1999/07/21 |a ΧΟΡΟΖΙΔΟΥ |b ΤΖΕΝΗ | ||